| 000 | 00785nam a22002297a 4500 | ||
|---|---|---|---|
| 005 | 20240530110621.0 | ||
| 008 | 161220s2008 ua beo g b 001 0 eng d | ||
| 020 | _a9789774161766 | ||
| 040 | _aEG-CaGPL | ||
| 082 | 0 | 4 |
_221 _a932 _bCC/B E |
| 100 | 1 | _aBagnall , Roger S. | |
| 245 | 1 | 0 |
_aEgypt from Alexander to the Copts : _bAn archaeoligical and historical guide \ _cRoger S. Bagnall , Dominic W. Rathbone |
| 260 |
_acairo : _bthe american university in cairo press , _c2008 |
||
| 300 |
_a319 pages : _bmaps , plans , photos ; _c24 cm. |
||
| 504 | _aIncludes bibliographical references (pages 295 - 311) | ||
| 650 | 0 | _aEgyptology | |
| 651 | 0 | _aEgypt | |
| 651 | 0 |
_aEgypt _xancient history |
|
| 651 | 0 |
_aEgypt _xhistory |
|
| 700 | 1 |
_aRatthbone, Dominic W. _eeditor |
|
| 942 |
_2ddc _cBK |
||
| 999 |
_c63062 _d63062 |
||